| 000 | 00689cab a2200217 4500 | ||
|---|---|---|---|
| 001 | WB2916-03 | ||
| 008 | 090401t1993 xxu||||| |||| 00| 0 eng d | ||
| 035 | _a(Sirsi) u11624 | ||
| 041 | _aeng | ||
| 245 | _aSkills register | ||
| 260 | _c1993 | ||
| 350 | _a0 | ||
| 490 |
_aBuilding _v258(7792) 30 April 1993, 12(1) |
||
| 520 | _aThe Construction Industry Registration Working Party has published proposals for a skills register for the construction industry. | ||
| 650 | _aCERTIFICATE OF CRAFT RECOGNITION | ||
| 650 | _aCONSTRUCTION SKILLS CERTIFICATION SCHEME | ||
| 650 | _aNATIONAL VOCATIONAL QUALIFICATIONS | ||
| 690 | _aBUILT ENVIRONMENT | ||
| 942 | _n0 | ||
| 948 | _c04/03/1997 | ||
| 999 |
_c7417 _d7417 |
||